| 000 | 01476nam a2200265Ia 4500 | ||
|---|---|---|---|
| 999 |
_c55380 _d55380 |
||
| 001 | 22458 | ||
| 003 | GE_BSU | ||
| 005 | 20211209132608.0 | ||
| 008 | 181216s2018||||ge |||||||||||||| ||geo|| | ||
| 020 | _a97789941462627 | ||
| 040 | _cGE_BSU | ||
| 041 | _ageo | ||
| 080 | _a330.1 ც-51 | ||
| 100 |
_aცეცხლაძე, მურმან _910750 |
||
| 245 |
_aეკონომიკური დოქტრინები = Economic doctrines : _b[სახელმძღვანელო] / _c მურმან ცეცხლაძე ; რედაქტორები: სილაგაძე ავთანდილ, წიკლაშვილი ნათელა. |
||
| 264 |
_aბათუმი ; _b ბათუმის შოთა რუსთაველის სახელმწ. უნივერსიტეტი, _c2018. |
||
| 300 |
_a588 გვ.: _bფოტ. ; _c25 სმ. |
||
| 501 | _aშენიშვნ.გვ.576-581;საკონტროლო კითხ.გვ:582-586. | ||
| 504 | _aბიბლიოგრაფია თავების ბოლოს. | ||
| 653 | _aეკონომიკა | ||
| 653 | _aეკონომიკური მოძღვრებები | ||
| 700 |
_aსილაგაძე, ავთანდილ _eრედაქტორი _913240 |
||
| 700 |
_aწიკლაშვილი, ნათელა _eრედაქტორი. _96001 |
||
| 942 |
_cBK _2udc |
||